000 00502nam a2200157 a 4500
001 000038449
005 20201002031250.0
008 130411s2012 dr a 000 0 spa d
020 _a9789945489330
040 _aDO-SdBNP
_bspa
_cBNPHU
100 1 _aPerozo Barinas, Agustín
_d1961-
_964791
245 1 3 _aLa tríada /
_cAgustín Perozo Barinas.
260 _aSanto Domingo :
_bSantuario,
_c2012.
300 _a179 p. :
_bils. ;
_c24 cm.
500 _aIncluye datos biográficos del autor en la contracubierta
999 _c37939
_d37939